Southville International School and Colleges
Your cart is empty.
  • Cart
  • Lists
    Public lists Eva Luna New books Lux_list list_1
    Your lists Log in to create your own lists
  • Log in to your account
  • Your cookies
  • Search history
Southville International School and Colleges
  • Advanced search
  • Recent comments
  • Most popular
  • Libraries

Log in to your account

Log in with GOOGLE


If you do not have an external account, but do have a local account, you can still log in:

  1. Home
  2. MARC view: This is the way we go to school :
Normal view MARC view ISBD view

This is the way we go to school : (Record no. 105841)

[ view plain ]
MARC details
000 -LEADER
fixed length control field 00716nam a2200181 a 4500
005 - DATE AND TIME OF LATEST TRANSACTION
control field 20140412111416.0
008 - FIXED-LENGTH DATA ELEMENTS--GENERAL INFORMATION
fixed length control field 070813s19uu xx 00 eng d
020 ## - INTERNATIONAL STANDARD BOOK NUMBER
International Standard Book Number 0-59043162-5
050 ## - LIBRARY OF CONGRESS CALL NUMBER
Classification number TR(GS E
Item number B13 1990
100 ## - MAIN ENTRY--PERSONAL NAME
Personal name Baer, Edith
245 ## - TITLE STATEMENT
Title This is the way we go to school :
Remainder of title a book about children of the world /
Statement of responsibility, etc Edith Baer. illustrated by Steve Bjokman.
260 ## - PUBLICATION, DISTRIBUTION, ETC. (IMPRINT)
Place of publication, distribution, etc New York :
Name of publisher, distributor, etc Scholastic,
Date of publication, distribution, etc 1990.
300 ## - PHYSICAL DESCRIPTION
Extent (36)p. : col. ill. ; 28 cm
520 ## - SUMMARY, ETC.
Summary, etc Describes, in text ans illustrations, the many different modes of transportation children all over the world use to get to school.
650 ## - SUBJECT ADDED ENTRY--TOPICAL TERM
Topical term or geographic name as entry element Vehicles
General subdivision Pictorial works
-- Juvenile litearature
650 ## - SUBJECT ADDED ENTRY--TOPICAL TERM
Topical term or geographic name as entry element Transportation
Holdings
Withdrawn status Lost status Damaged status Home library Current library Shelving location Date acquired Source of acquisition Cost, normal purchase price Total Checkouts Full call number Barcode Date last seen Price effective from Koha item type
      Elizalde Library Elizalde Library Teachers Reference Section 08/13/2007   95.00   TR(GS E B13 1990 E10761 04/12/2014 04/12/2014 Books

This is the way we go to school :

APA

Baer E., . (1990). This is the way we go to school. New York: Scholastic.

Chicago

Baer Edith, . 1990. This is the way we go to school. New York: Scholastic.

Harvard

Baer E., . (1990). This is the way we go to school. New York: Scholastic.

MLA

Baer Edith, . This is the way we go to school. New York: Scholastic. 1990.

  • Place hold
  • Print
  • Cite
  • Add to your cart (remove)
  • Save record
    BIBTEX Dublin Core MARCXML MARC (non-Unicode/MARC-8) MARC (Unicode/UTF-8) MARC (Unicode/UTF-8, Standard) MODS (XML) RIS
  • More searches
    Search for this title in:
    Other Libraries (WorldCat) Other Databases (Google Scholar) Online Stores (Bookfinder.com) Open Library (openlibrary.org)

Exporting to Dublin Core...

SOUTHVILLE LIBRARY

Southville International School and Colleges Library

1281 Tropical Ave. Cor. Luxembourg St., BF Homes International, Las Pinas City

Tel. No. 8256374 / 252358 Loc. 117/146

Powered by Koha